| 000 | 00849nam a2200157Ia 4500 | ||
|---|---|---|---|
| 008 | 240524s9999 xx 000 0 und d | ||
| 020 | _a978-958-747-056-7 (Libro) | ||
| 040 | _aCO-BoUPN;CO-PeBPM | ||
| 245 | 0 | _aFantasía, fantasmas, brujas y diablos [película] | |
| 260 | _aBogotá: | ||
| 260 | _bYoyo music | ||
| 300 | _a6 DVD. son.,col. en estuche de 19 x 14cm | ||
| 490 | _aCine club películas para coleccionistas; 23 | ||
| 650 | _aPelículas cinematográficas^x-Colecciones^aCine de terror^x-Colecciones | ||
| 949 | _aUD00056|100|0|000000|1|100|3|7/25/2018 5:02:00 PM|No,AUD00057|100|0|000000|1|100|3|7/25/2018 5:02:17 PM|No,AUD00060|100|0|000000|1|100|3|7/25/2018 5:03:03 PM|No,AUD00058|100|0|000000|1|100|3|7/25/2018 5:02:30 PM|No,AUD00059|100|0|000000|1|100|3|7/25/2018 5:02:46 PM|No,AUD00061|100|0|000000|1|100|3|7/25/2018 5:03:19 PM|No | ||
| 999 |
_c26933 _d26933 |
||